| 000 | 00431 a2200157 4500 | ||
|---|---|---|---|
| 005 | 20250313165158.0 | ||
| 020 | _a0-256-17329-X | ||
| 082 | _a366.73 ROS | ||
| 100 | _aROSEN, H. S. | ||
| 245 | _aPublic Finance | ||
| 250 | _a5th Ed. | ||
| 260 |
_aNew York, _bMc Graw-Hill, _c1999. |
||
| 300 |
_axi, 573p.: ill.; figure, picture, table. _bIndex. _c24cm. |
||
| 856 |
_yAccess online book _fFinance _dhttp://www.mhhe.com |
||
| 942 |
_2ddc _cBKS |
||
| 999 |
_c578 _d578 |
||